000
00217 a2200097 4500
001
17227
100
_a
Hall D V
245
_a
Microprocessors and digital systems
260
_a
_b
McGraw Hill
_c
090
_c
12781
_d
12781
942
_a
NUST-CAE
_c
M
_c
3093
999
_c
252300
_d
252300